000 00392nam a2200121Ia 4500
008 230907s9999||||xx |||||||||||||| ||und||
082 _a621.3815
_bLEB
100 _aLeblebici, Duran.
_9115882
245 0 _aFundamentals of high-frequency CMOS analog integrated circuits /
260 _aCambridge University Press,
_bCambridge, UK ; | New York :
_c2009
300 _axiv, 302 p. :
942 _cBK
999 _c600054
_d600054